[Event "RUS-ch m1-2"]
[Site "Elista"]
[Date "1997.05.25"]
[Round "3.1"]
[White "Khalifman, Alexander"]
[Black "Dvoirys, Semen I"]
[Result "1/2-1/2"]
[WhiteElo "2650"]
[BlackElo "2590"]
[Annotator "Ftacnik,L"]
[PlyCount "47"]
[EventDate "1997.05.19"]
[EventType "k.o."]
[EventRounds "6"]
[EventCountry "RUS"]
[SourceTitle "CBM 059"]
[Source "ChessBase"]
[SourceDate "1997.08.01"]
[SourceVersion "1"]
[SourceVersionDate "1997.08.01"]
[SourceQuality "1"]

1. d4 Nf6 2. Nf3 g6 3. c4 Bg7 4. Nc3 d5 5. cxd5 Nxd5 6. e4 Nxc3 7. bxc3 c5 8.
Rb1 O-O 9. Be2 cxd4 10. cxd4 Qa5+ 11. Bd2 Qxa2 12. O-O a5 13. Bg5 h6 (13... a4
14. Bb5 (14. Bxe7 Re8 15. Bd6 $1 (15. Bc5 Rxe4 (15... Nd7) (15... Nd7) 16. Bd3
Re8 17. Ra1 Qd5 18. Rxa4 Rxa4 19. Qxa4 Bd7 20. Qc2 Bc6 21. Bc4 Qd7 22. Ne5 Bxe5
23. dxe5 Bxg2 24. e6 Rxe6 25. Rd1 Bh3 26. Bxe6 Qxe6 27. Rd8+ Kg7 28. Bf8+ {
1-0 Von Herman,U-Schnabel,R/OLNO 9192/1992/}) (15. Ra1 Qe6 16. Ba3 Qxe4 17. Re1
Bd7 18. Ne5 {1/2-1/2 Dorfman,J-Adorjan,A/Polanica Zdroj (06)/1992}) (15. Bg5
Rxe4 16. Bd3 Re6 $1 17. Qc1 Rc6 $17 {Kozul}) (15. Rc1 Qe6 16. Bb4 (16. Ba3 Qxe4
17. Re1 Bd7 18. d5 Qf4 19. Rc4 Qf6 20. Qd2 (20. Rc7 Bf8 21. d6 Bc6 22. Qd2 Nd7
23. Rd1 Bg7 24. Bc4 Rad8 25. Ng5 Rf8 26. Re1 Ne5 {0-1 Lautier,J-Leko,P/Tilburg
Fontys (09)/1996 (40)}) 20... Na6 21. Rb1 b5 22. Rcc1 Bh6 23. Qxh6 Rxe2 24. Re1
Rxe1+ 25. Nxe1 Qf5 26. Rc1 b4 27. Bb2 f6 28. Qh4 g5 29. Qg3 a3 {Vaisser,A-Leko,
P/Cap D'Agde qual G2 (02) 1996/0-1 (74)}) 16... Qxe4 17. Re1 Bd7 18. Ng5 Qf4
19. Bd2 Qf6 20. Bc4 Rf8 21. Ne4 Qb6 22. d5 Na6 23. Be3 Qd8 24. Bd4 b5 25. Bxg7
Kxg7 26. Qd4+ f6 27. Bf1 {1/2-1/2 Sadler,M-Miles,A/Isle of Man op (03)/1995 
(32)}) 15... Rxe4 (15... Qe6 16. e5 $16) (15... Bf5 16. Ra1 Qe6 17. e5 $16) 16.
Rc1 (16. Qc1 Be6 17. Bd3 Rg4 (17... Rxd4 18. Nxd4 Bxd4 19. Rxb7 Nd7 20. Qf4 Bg7
21. Rxd7 Bxd7 22. Bc4 Qc2 23. Bd5 Bc6 24. Qxf7+ Kh8 25. Qc7 a3 26. Bxc6 {
1-0 Solozhenkin,E-Vareille,F/Paris op (05) 1994}) 18. h3 (18. Qc7 Nc6 19. Qxb7
Rc8 20. Rbc1 Qd5 21. Bg3 Bxd4 22. Bb5 Na7 23. Rxc8+ Nxc8 24. Qxd5 Bxd5 25. Rd1
Bxf3 26. gxf3 a3 27. fxg4 a2 {1/2-1/2 Ioseliani,N-Krupkova,P/Prague
Menchik-mem (01) 1996 (41)}) 18... Qd5 19. Qc7 Nc6 20. hxg4 Rc8 21. Qxb7 Qxd6
22. Rfc1 Bf8 23. Be4 Na5 24. Qb5 Rxc1+ 25. Rxc1 Nb3 26. Rd1 a3 {0-1
Summerscale,A-Lerch,P/Candas op (07)/1996 (35)}) 16... Nc6 (16... Bd7 17. Bc4
Qb2 18. Bd5 Rxd4 19. Nxd4 Qxd4 20. Qf3 $18) (16... Bf5 17. Bc4 Qb2 18. Bd5 Rxd4
19. Nxd4 Qxd4 20. Bxb7 Ra7 21. Bc5 Qxd1 22. Rfxd1 Rxb7 23. Rd8+ Bf8 24. g4 $1
Nd7 25. Bxf8 Nxf8 26. gxf5 f6 27. Rcc8 Rf7 28. fxg6 hxg6 29. Ra8 $16) 17. Bc4
Qb2 18. Rb1 Qc3 (18... Rxd4 19. Qe1 $1 {/\ Qe8, Rb2+-}) 19. Bxf7+ Kxf7 (19...
Kh8 20. Rc1 (20. Bd5 Re8 21. Ng5 $40) 20... Qa5 21. d5 Nd8 22. Ng5 $16) 20.
Ng5+ Kg8 21. Nxe4 Qxd4 22. Qe2 $1 $18 {/\ Qa2} Bf5 23. Qa2+ Kh8 24. Ng5 h6 25.
Nf7+ Kh7 26. Rxb7 Be4 27. Ba3 Bxg2 $1 28. Bb2 Bd5 29. Bxd4 Bxa2 30. Bxg7 {
1-0 Ivanov,Se-Zezulkin,J/POL-chT Lubniewice (07)/1994 (34)}) (14. Ra1 Qe6 15.
e5 h6 16. Be3 Qd7 17. Qd2 Nc6 18. Bb5 Qd5 19. Bxa4 Bg4 20. Bxc6 bxc6 21. Bxh6
Bxf3 22. gxf3 Qxf3 23. Bxg7 Kxg7 24. Qe3 Qd5 {0-1 Chantcev,S-Grechihin,V/
Kemerovo/1991 (39)}) (14. Re1 a3 (14... Qe6 15. d5 Qd6 16. e5 Bxe5 17. Nxe5
Qxe5 18. Qd2 Qd6 19. Bc4 Re8 20. Bf4 Qd8 21. Qc3 Nd7 22. Bb5 e5 23. dxe6 Rxe6
24. Bc4 Qf6 25. Qd2 Nf8 26. Bxe6 Nxe6 27. Be5 Qd8 28. Qc3 {Gelfand,B-Leko,P/
Cap D'Agde qual G2 (04) 1996/1-0 (61)}) 15. Rc1 Qe6 16. e5 Qd7 17. d5 h6 18.
Bh4 g5 19. Bg3 Qa4 20. Qd3 a2 21. Ra1 Na6 22. Rec1 Qa5 23. Qe4 Nb4 24. Bc4 b5
25. Bb3 Qa3 26. Nd4 Qxc1+ {0-1 Vidarte Morales,A-Kolev,At/Sitges op (03)/1993/}
) (14. d5 a3 15. Rb4 $5 b5 $8 16. Bxb5 (16. Bxe7 Re8 17. Bxb5 Rxe7 18. Bc4 Na6
$1 19. Bxa2 Nxb4 $44 {|^ o^a}) 16... Ba6 17. Qd3 (17. Bxe7 Bxb5 18. Bxf8 Be2 $1
19. Qb1 Qxb1 20. Rfxb1 a2 $17) 17... Bxb5 18. Rxb5 (18. Qxb5 $6 Na6) 18... Rc8
$1 19. Bxe7 $2 (19. Rb3 Bb2 $5 20. Bxe7 Rc1 21. Rxc1 Bxc1 22. g3 $5) 19... Rc3
20. Qd1 Qc4 21. Rc5 (21. Rb4 Qa6 $17 {/\} 22. e5 Rd3) 21... Qxe4 $5 (21...
Qxf1+ $1 22. Kxf1 Rxc5 $19) 22. Re1 Qxe1+ $1 23. Qxe1 a2 {0-1 Kopjonkin,
G-Zezulkin,J/Nyiregyhaza 56/545 1992 (24)}) 14... Bd7 $1 15. Bxd7 Nxd7 16. Rxb7
Qe6 17. d5 {Hebert,J-Kozul,Z/Toronto/1990/0:1/52/ Hebert,J-Kozul,Z/Toronto/
1990/0:1/52/} (17. Re1 a3 18. Rb1 a2 19. Ra1 Rfb8 $17) 17... Qxe4 $6 (17... Qd6
$1 18. e5 $8 Bxe5 19. Rxd7 Qxd7 20. Nxe5 Qf5 21. Nf3 f6 22. Be3 Rfd8 $17) 18.
Rxd7 a3 19. Rxe7 (19. Re1 $2 Qf5 $19) 19... Qb4 (19... Qf5 20. Be3 a2 21. Nd4
Qxd5 22. Qa1 Rfd8 23. Rd1 Ra4 24. g3 $1 Bxd4 25. Bxd4 (25. Bxd4 Rxd4 26. Rxd4
Qxd4 27. Qxa2 $11) 25... Rxd4 26. Rxd4 Qxd4 27. Qxa2 $11) 20. Ree1 $1 (20. Re2
$2 Rfb8 $1 21. Ra2 Qc4 22. Qd2 $8 Rb2 $1 23. Rxb2 axb2 {/\ Qf1} 24. Rb1 Ra1 25.
Qe1 Qc2 26. Nd2 Qc1 $1 $19) 20... a2 21. Be7 $1 (21. Qd3 Qc3 $1 $19) 21... Qb5
22. Qd2 $2 (22. Bxf8 a1=Q 23. Qxa1 Rxa1 24. Bxg7 Rxe1 25. Rxe1 (25. Rxe1 Kxg7
26. h4 $1 Qxd5 27. Re3 $11) 25... Kxg7 26. h4 Qxd5 27. Re3 $11) 22... Rfc8 23.
d6 a1=Q 24. Rxa1 Rxa1 25. Rxa1 Bxa1 26. h3 Qd7 {Hebert,J-Kozul,Z/Toronto (05)/
1990/0-1 (52)}) (13... Qe6 14. Qc2 (14. e5 f6 15. Be3 Qf5 16. Nh4 Qd7 17. Bc4+
Kh8 18. f4 Nc6 19. f5 g5 20. e6 Qe8 21. Nf3 {1-0 Shneider,A-Piankov,E/UKR-chT
Alushta/1994 (40)}) 14... Qd7 (14... h6 15. Bc4 Qd7 16. Bb5 Qd8 17. Bf4 Na6 18.
d5 e6 19. Rfd1 Nb4 20. Qa4 exd5 21. Rxb4 axb4 22. Qxa8 b3 23. Qa3 b2 24. e5 {
1-0 Touzane,O-Krupkova,P/Prague DDM-B (01)/1992 (41)}) 15. e5 Qd8 16. Qd2 f6
17. Bc4+ Kh8 18. Bf4 Nc6 19. exf6 exf6 20. Rfe1 Nb4 21. d5 Bf5 22. Rbc1 Rc8 23.
d6 {1-0 Santa Torres,J-Odeh,K/Manila olm/1992 (44)}) (13... Nd7 14. e5 f6 15.
Nd2 b5 16. Rxb5 Ba6 17. Bc4+ Qxc4 18. Nxc4 Bxb5 19. Qb3 Bxc4 20. Qxc4+ Kh8 21.
Bd2 fxe5 22. Qb5 Ra7 23. dxe5 Nxe5 24. Bxa5 Nc4 {1/2-1/2 Santa Torres,J-Yang
Xian/Manila olm/1992 (36)}) (13... Bf6 $5) 14. Bxe7 Re8 15. Rc1 Qe6 (15... Rxe7
16. Rxc8+ Kh7 17. Bc4 Qa3 18. Qc2 $16) 16. Ba3 Qxe4 17. Bb5 (17. Re1 Bg4 (17...
Qf4 18. Bb5 Rxe1+ 19. Qxe1 Bd7 20. Bxd7 Nxd7 $17) 18. Ne5 Bxe2 19. Rxe2 Qf5 $15
) 17... Rd8 (17... Bd7 18. Re1 Qxe1+ 19. Nxe1 Bxb5 20. Qb3 Ba6 21. Nf3 $14) 18.
Re1 Qf5 19. Bd3 {White avoids the complications connected with the win of the
exchange, now black will be able to hold his own. Weiss vermeidet
Komplikationen verbunden mit dem Qualitats gewinn, Schwarz ist jetz im Lage
sich gerade zu halten.} (19. Be7 $5 Qxb5 20. Bxd8 Nc6 (20... Be6 21. Rc5 Qb4
22. Qd3 Nc6 23. Rb1 Qa4 24. Bb6 Re8 $14) 21. Re8+ Kh7 22. Rc5 Qb4 23. Bxa5 Rxa5
24. Rxa5 Qxa5 25. Rxc8 Nxd4 $14) 19... Qh5 20. Be7 Re8 21. Bf6 (21. Rc5 Qg4 22.
Bd6 Rxe1+ 23. Qxe1 Qd7 $13) 21... Rf8 (21... Rxe1+ $2 22. Qxe1 Be6 23. Rc5 Qg4
24. Bxg7 Kxg7 25. Qe5+ Kh7 26. h3 $18) 22. Be7 (22. Rc5 Qg4 23. Re4 Qd7 24. Ne5
Qd6 $13) 22... Re8 23. Bf6 Rf8 24. Be7 1/2-1/2

[Event "Viking op"]
[Site "Aaland/Stockholm"]
[Date "1997.08.25"]
[Round "3"]
[White "Rausis, Igors"]
[Black "Khalifman, Alexander"]
[Result "1/2-1/2"]
[WhiteElo "2490"]
[BlackElo "2655"]
[PlyCount "33"]
[EventDate "1997.08.??"]
[EventType "swiss"]
[EventRounds "9"]
[EventCountry "SWE"]
[SourceTitle "EXT 1998"]
[Source "ChessBase"]
[SourceDate "1997.11.17"]
[SourceVersion "1"]
[SourceVersionDate "1997.11.17"]
[SourceQuality "1"]

1. Nf3 c5 2. c4 g6 3. d4 Bg7 4. e4 Qb6 5. dxc5 Qxc5 6. Be2 d6 7. O-O Nc6 8. h3
Be6 9. Qb3 Na5 10. Qd1 Bd7 11. Qc2 Rc8 12. Nbd2 Qc7 13. Rb1 Nf6 14. b4 Nc6 15.
Qb3 O-O 16. Qd3 Qb6 17. c5 1/2-1/2

[Event "Viking op"]
[Site "Aaland/Stockholm"]
[Date "1997.08.29"]
[Round "7"]
[White "Ulybin, Mikhail"]
[Black "Khalifman, Alexander"]
[Result "1-0"]
[WhiteElo "2535"]
[BlackElo "2655"]
[PlyCount "104"]
[EventDate "1997.08.??"]
[EventType "swiss"]
[EventRounds "9"]
[EventCountry "SWE"]
[SourceTitle "EXT 1998"]
[Source "ChessBase"]
[SourceDate "1997.11.17"]
[SourceVersion "1"]
[SourceVersionDate "1997.11.17"]
[SourceQuality "1"]

1. d4 d6 2. e4 g6 3. Nc3 Bg7 4. Bg5 a6 5. a4 Nf6 6. f4 O-O 7. Qd2 Nc6 8. Nf3
Bg4 9. d5 Nb4 10. a5 c6 11. Bxf6 exf6 12. Nd1 f5 13. Qxb4 fxe4 14. Ng1 e3 15.
Be2 Re8 16. Ra3 c5 17. Qb6 Qf6 18. Bxg4 Qh4+ 19. Kf1 Qxg4 20. Ne2 Bd4 21. c3
Bf6 22. Ra4 Qf5 23. Qb3 Re4 24. Rxe4 Qxe4 25. c4 Re8 26. h4 Bd4 27. Rh3 h5 28.
Rf3 Kg7 29. Kg1 Re7 30. Kh2 Re8 31. Kh1 Qe7 32. g3 Qe4 33. Kg2 Re7 34. Ndc3 Qd3
35. Qd1 Qxc4 36. Qa4 Qd3 37. Qd1 Qc4 38. Qe1 Qd3 39. Qd1 Qc4 40. Qa1 Qd3 41.
Qd1 Qc4 42. Kh3 f5 43. Kg2 Kh6 44. Kh3 Re8 45. Kg2 Re7 46. Kh3 Qb4 47. Qa1 Bxc3
48. bxc3 Qe4 49. Rf1 Qxd5 50. Qd1 Qd2 51. Kg2 Qa2 52. Re1 d5 1-0

[Event "EU-Cup 13th Group2"]
[Site "Eupen"]
[Date "1997.09.23"]
[Round "2"]
[White "Cobb, James"]
[Black "Khalifman, Alexander"]
[Result "0-1"]
[WhiteElo "2335"]
[BlackElo "2655"]
[Annotator "Yudasin,L"]
[PlyCount "42"]
[EventDate "1997.09.22"]
[EventType "team-k.o."]
[EventRounds "3"]
[EventCountry "BEL"]
[SourceTitle "EXT 2020"]
[Source "ChessBase"]
[SourceDate "2019.10.17"]
[SourceVersion "1"]
[SourceVersionDate "2019.10.17"]
[SourceQuality "1"]
[WhiteTeam "Cardiff Chess Club"]
[BlackTeam "Liepaja Baltika"]
[WhiteTeamCountry "WLS"]
[BlackTeamCountry "LAT"]

1. d4 g6 2. e4 Bg7 3. Nc3 d6 4. g3 Nc6 5. Be3 (5. d5 Nd4 6. Bg2 c5 7. Nge2 Bg4
8. O-O $14) 5... Nf6 6. h3 (6. d5 Ne5 7. h3 c6 8. f4 Ned7 9. Bg2 $13) 6... e5
7. Nge2 (7. d5 Nd4 8. Bxd4 exd4 9. Qxd4 O-O {/\Ne4} 10. Qd3 Re8 $146) 7... d5
$1 8. Bg2 (8. dxe5 Nxe5 9. Bg2 O-O 10. exd5 Nc4 11. Bc1 Re8 12. O-O Bf5 13. Nd4
Bd7 14. b3 Nb6 15. Bg5 h6 16. Be3 Re5 17. Bf4 Rh5 18. g4 Nfxd5 19. Nxd5 Rxd5
20. Bxd5 Nxd5 21. Qf3 Nxf4 $44 {- Novak,I-Seifert,M/Trencianske Teplice 1981/
MCD-r8}) 8... Nxe4 9. Nxe4 dxe4 10. d5 Na5 $1 11. Bxe4 (11. b3 f5) (11. c4 Bd7
12. Rc1 b5 $13) 11... Nc4 12. Bc1 O-O 13. Bg2 f5 14. O-O Nd6 15. b3 $2 (15. f4
e4 16. Rb1 $15) (15. Rb1) 15... f4 $1 $40 16. gxf4 $8 Qh4 $1 17. Bb2 Bxh3 18.
fxe5 Bxg2 19. Kxg2 Ne4 20. Qd4 (20. f3 Rf5 21. fxe4 (21. Bc1 Bxe5) 21... Qxe4+
22. Kg1 Qg4+ 23. Kh1 Rh5#) 20... Qg5+ 21. Kh2 Qh5+ {/\22Kg2.Qe2} 0-1

[Event "EU-Cup 13th Group2"]
[Site "Eupen"]
[Date "1997.09.24"]
[Round "3"]
[White "Khalifman, Alexander"]
[Black "Crouch, Colin S"]
[Result "1-0"]
[WhiteElo "2655"]
[BlackElo "2375"]
[Annotator "Ftacnik,L"]
[PlyCount "53"]
[EventDate "1997.09.22"]
[EventType "team-k.o."]
[EventRounds "3"]
[EventCountry "BEL"]
[SourceTitle "EXT 2020"]
[Source "ChessBase"]
[SourceDate "2019.10.17"]
[SourceVersion "1"]
[SourceVersionDate "2019.10.17"]
[SourceQuality "1"]
[WhiteTeam "Liepaja Baltika"]
[BlackTeam "London Barbican"]
[WhiteTeamCountry "LAT"]
[BlackTeamCountry "ENG"]

1. d4 d5 2. c4 c6 3. Nc3 Nf6 4. e3 g6 5. Nf3 Bg7 6. Be2 O-O 7. O-O Bg4 8. cxd5
cxd5 9. Qb3 b6 10. h3 Bxf3 11. Bxf3 e6 12. Be2 Nc6 13. Bd2 Na5 14. Qb4 Nb7 {
Black must find a way to cope with the impending Ba6, which wins the fight for
the control of the c file in white's favour. Schwarz muss einen Weg finden
gegen das drohende Ba6, welches den Kampf um die Kontrolle der c-Linie
gewinnen w�rde.} (14... Ne8 15. Rac1 Nd6 16. b3 Bf6 17. Ba6 Nc6 18. Qa4 Nb8
19. Bd3 a6 20. Nb5 Be7 21. Rc2 Nxb5 22. Bxb5 Qd6 23. b4 Ra7 24. Rfc1 h5 25. Bd3
{Vaganian,R-Christiansen,L/Reggio Emilia 1987/0-1 (74)}) (14... Qd7 15. Rfc1
Rfc8 16. Ba6 Rc7 17. Nb5 Rxc1+ 18. Rxc1 Bf8 19. Qa4 Nc4 20. Rc2 e5 21. Bc3 Ne4
22. b3 Ncd6 23. Bb2 Qf5 24. dxe5 Nc5 25. Qd4 Ne8 26. Rxc5 bxc5 27. Qxd5 {
Sadler,M-Gretarsson,H/Gausdal Int 1994/1-0 (47)}) (14... Re8 15. Ba6 e5 16.
dxe5 Nc6 17. Qa4 Nxe5 18. Rfd1 Qe7 19. Be1 Red8 20. Rac1 Rab8 21. Be2 Rbc8 22.
Nxd5 Nxd5 23. Rxc8 Rxc8 24. Rxd5 Rc1 25. Rd1 Rxd1 26. Qxd1 {Stohl,I-Seul,G/
BL9394 1994/1-0 (40)}) 15. Ba6 Nd6 16. Rfc1 Nfe4 17. Be1 (17. Nxe4 Nxe4 18. Rc2
f5 19. Rac1 $14) 17... f5 18. Ne2 Bh6 (18... Qe7 19. Rc2 Rf7 20. Rac1 $16) 19.
Rc6 g5 20. Ng3 (20. f3 Qd7 21. Rac1 g4 22. Qa3 Nc4 23. R6xc4 dxc4 24. fxe4 gxh3
$16) 20... g4 $6 (20... Nxg3 21. Rxd6 $18) (20... Re8 21. f3 Qd7 22. Rac1 Nc5
23. Rxd6 Qxd6 24. dxc5 bxc5 25. Qa3 $16) 21. Nxe4 Nxe4 22. Rxe6 f4 {Black has
lost a strategical fight so he is going for broke, white must play carefully.
Schwarz hat den strategischen Kampf schon verloren und versucht ein wildes
Gegenspiel, Weiss muss genau spielen.} (22... Qh4 23. hxg4 fxg4 24. Qb3 $18)
23. hxg4 $1 (23. Rxh6 Qg5 24. Qb3 Kh8 25. Bb4 Rg8 $132) 23... Qh4 (23... fxe3
24. f3 Nf6 25. Bh4 $18) 24. Qb3 fxe3 (24... Qxg4 25. Qxd5 $18) 25. fxe3 (25. g3
$1 $18) 25... Nf2 (25... Qg5 26. Rxe4 $18) 26. Rxh6 Qxh6 (26... Nh3+ 27. gxh3
Qxh6 28. Qxd5+ $18) 27. Qxd5+ (27. Qxd5+ Kh8 28. Bxf2 $18) 1-0

[Event "WchT 4th"]
[Site "Luzern"]
[Date "1997.10.31"]
[Round "7.2"]
[White "Kozul, Zdenko"]
[Black "Khalifman, Alexander"]
[Result "1/2-1/2"]
[WhiteElo "2605"]
[BlackElo "2655"]
[Annotator "Stohl,I"]
[PlyCount "67"]
[EventDate "1997.10.25"]
[EventType "team-tourn"]
[EventRounds "9"]
[EventCountry "SUI"]
[SourceTitle "CBM 062"]
[Source "ChessBase"]
[SourceDate "1998.01.31"]
[SourceVersion "1"]
[SourceVersionDate "1998.01.31"]
[SourceQuality "1"]
[WhiteTeam "Croatia"]
[BlackTeam "Russia"]
[WhiteTeamCountry "CRO"]
[BlackTeamCountry "RUS"]

1. d4 Nf6 2. Nf3 c5 3. d5 b5 {A line with a slightly dubious reputation, which
has however become quite popular lately. Rather surprising, as White should be
able to retain a small, but permanent advantage.} 4. Bg5 d6 5. Bxf6 exf6 6. e4
a6 7. a4 b4 8. Bd3 ({White lost an important tempo in} 8. Nbd2 g6 9. Nc4 a5 10.
Be2 $6 Bg7 11. O-O O-O 12. Nfd2 Ra7 13. Bd3 Bb7 14. Qg4 f5 15. exf5 Bxd5 16.
Rad1 $13 {1/2,Komarov,D-Khalifman,A/St.Petersburg/1997/}) 8... g6 (8... Be7
$143 $6 9. a5 O-O 10. Nbd2 Re8 11. O-O Bf8 12. Nc4 Nd7 13. c3 Rb8 14. Re1 g6
15. Qd2 Qc7 16. Ra4 bxc3 17. bxc3 Bb7 18. Bc2 Ba8 19. Raa1 Bg7 20. h4 Re7 21.
Rab1 Rb5 22. Qd3 Bb7 23. Ba4 $16 {[%csl Ra6,Rb7,Gd5,Rd6,Ge4,Rg7][%cal Gb1b8]
׭,a6,d6,<->b,()[+],Arkell,K-Ansell,S/4NCL9697/1997/ This game shows what are
White's positional pluses-space, central control, better pawn structure and
potential targets on the weakened <<. Black's ^^ has only limited scope.}) 9.
Nbd2 (9. O-O Bg7 10. Nbd2 O-O 11. a5 $6 {It's important for White to prevent
an effective f6-f5 break, as this allows Black to activate his forces.} (11.
Nc4 $142 {-9.Nbd2}) 11... f5 12. exf5 Bxb2 13. Rb1 Bg7 14. Nc4 Nd7 15. h4 Nf6
16. Nb6 Rb8 17. Ng5 Rxb6 18. axb6 Qxb6 19. fxg6 hxg6 20. Ne4 Nxe4 21. Bxe4 Qd8
22. g3 Re8 23. Bd3 a5 24. h5 gxh5 25. Qxh5 a4 $17 {Bogdanovski,V-Vaisser,A/
EU-chT Pula/1997/}) 9... Bg7 10. Nc4 a5 (10... O-O $5 11. O-O (11. Nfd2 $5 Bb7
12. Qf3 $14) 11... Bb7 12. a5 f5 13. exf5 Bxd5 14. Nb6 Bxf3 15. Qxf3 Ra7 16. c3
$6 bxc3 17. bxc3 Bxc3 18. Ra4 Be5 19. Rg4 Nd7 20. Bc4 Kg7 21. h4 Nf6 22. Rg3
Bxg3 23. fxg3 Qe7 24. g4 Qe4 $19 {Pert,N-Ward,C/GBR-ch Hove/1997/}) 11. O-O ({
A promising alternative is} 11. Nfd2 $5 Bb7 12. Qf3 O-O 13. Qg3 f5 14. Qxd6 (
14. Nxd6 Qe7 15. Nxb7 Qxb7 16. O-O Bxb2 17. Rad1 fxe4 18. Bxe4 Ra7 19. Nc4 $36
{Dokuchaev,A-Gutow,A/RUS-Cup8 Smolensk/1997/}) 14... fxe4 15. Qxd8 Rxd8 16.
Bxe4 Bxd5 (16... Nd7 17. O-O-O Nf6 18. Bf3 g5 19. h3 h5 20. d6 Bxf3 21. gxf3
Nd7 22. Rhe1 Bd4 23. Ne4 Ne5 24. Rxd4 {1-0,Goldin,A-Gutow,A/RUS-Cup9 Novgorod/
1997/}) 17. Bxd5 Rxd5 18. O-O-O Rd4 19. Nb6 Ra7 20. Nb3 Rxd1+ 21. Rxd1 Nc6 22.
Rd6 Bh6+ 23. Kd1 Ne5 24. Nxc5 Ng4 25. Rd7 Nxf2+ 26. Ke2 Rxd7 27. Nbxd7 {
1-0,Landa,K-Gutow,A/RUS-Cup9 Novgorod/1997/}) 11... O-O 12. Nfd2 (12. Qd2 Ba6
13. c3 Bxc4 14. Bxc4 Nd7 15. Bb5 Ne5 16. Ne1 $1 f5 $6 17. exf5 gxf5 18. Rc1 Ra7
19. h3 Qh4 20. f4 Bh6 21. Qf2 Qxf2+ 22. Rxf2 Nd7 23. Nc2 Re8 24. g3 b3 25. Na3
Re3 26. Kg2 Nb6 27. Nc4 $16 {[%csl Rb3,Rd6,Rf5] ק,Baburin,A-Agnos,D/Port Erin
op/1997/}) 12... Bb7 (12... Qc7 $6 13. f4 Nd7 14. Qe1 Ba6 15. Qh4 Rfe8 16. f5
Rad8 17. Rf3 Bc8 18. Raf1 Nf8 19. Ne3 Bd7 20. b3 h5 21. Ndc4 Bc8 22. g4 Bh6 23.
gxh5 Bxe3+ 24. Nxe3 g5 25. Qf2 Kh8 26. Ng4 Nd7 27. Rg3 Re7 28. h4 $40 {
Kasparov,G-Nenashev,A/Geneva Credit Suisse/1996/ A good example how to exploit
passive play by Black.}) 13. Qg4 (13. Qf3 $5 Nd7 14. Qg3 Ne5 15. Rad1 f5 16.
exf5 Bxd5 17. b3 (17. Ne3 $5 Bc6 18. Be4 $36) 17... Re8 (17... Nxd3 $142 18.
Qxd3 Bd4 $5 $132) 18. Ne3 Bc6 19. Be4 Qc7 20. Qf4 Rad8 21. Bd5 Bd7 22. f6 Bf8
23. Ndc4 Be6 24. h4 Bxd5 25. Nxd5 Qa7 26. Rfe1 Nxc4 27. Qxc4 $16 {Burmakin,
V-Shevelev,A/Anibal op4th/1997/}) 13... f5 $8 {Black correctly defends
actively, he must create scope for his pieces to balance the structural damage.
} 14. exf5 (14. Qf4 $143 fxe4 15. Bxe4 Ra6 16. Rab1 Nd7 17. Rfd1 Nf6 18. Nf1
Nxe4 19. Qxe4 Qf6 20. Nfe3 h5 21. c3 Ra7 22. g3 Bh6 23. Re1 Bc8 24. Kg2 Re7 25.
Ng4 Bxg4 26. Qxe7 Bf3+ 27. Kg1 Qf5 $44 {Cramling,P-Matamoros Franco,C/Las
Palmas op/1995/}) 14... Bxd5 15. Be4 $6 (15. Ne4 $142 $5 Ra6 (15... Bxe4 16.
Bxe4 d5 17. Rad1 Bd4 18. fxg6 hxg6 19. c3 $16) (15... Bxc4 16. Bxc4 d5 17. Rad1
Bd4 18. Nxc5 $1 $16) 16. Rad1 $36) 15... Bc6 $1 $13 {[%csl Gc5,Gd5,Gd6][%cal
Rd6d5] /\d5,[+] A refined move, which enables Black to finish his development.
The game enters a phase of tactical complications.} (15... Bxe4 $6 16. Nxe4 d5
17. Rad1 $16) 16. Rad1 (16. Bxc6 $6 Nxc6 17. Ne4 d5 18. Rad1 Nd4 $17) 16... d5
(16... Bxe4 $2 17. Nxe4 d5 18. Nxc5 $18) 17. Nb3 (17. Nf3 Re8 18. Rfe1 Ra7 $15
{[%csl Gc5,Gc6,Gd5,Gg7] [+]^^}) 17... Ra7 $5 18. Ne3 (18. Nxc5 $2 $19 Qe7)
18... d4 ({Black should have rather tried to keep his center intact with} 18...
Rd7 $142 $5 19. Bf3 Na6 20. fxg6 hxg6 $13) 19. Bxc6 Nxc6 20. Qe4 (20. Nc4 Qd5
21. Nb6 Qd8 $1 22. Nc4 Qd5 $11) (20. fxg6 $142 $5 hxg6 21. Nc4 Qd5 (21... Re7
$5) 22. Qe2 (22. Nbd2 Re7 23. Rfe1 Rfe8 $132) 22... Re7 23. Qd3 $14 {[%csl Ra5,
Rc5] ><a5,c5}) (20. Nxc5 $2 Qe7 21. f6 Qxc5 $1 22. fxg7 Kxg7 $19 {[%csl Re3]
פe3 and the N has surprisingly nowhere to go.}) 20... Ne5 21. Nxc5 $2 (21. Nd5
$2 gxf5 22. Qxf5 Qxd5 23. f4 Nf3+ $19) (21. f4 Nd7 $5 (21... Qa8 22. Qxa8 Raxa8
23. Nd5 (23. fxe5 dxe3 {[%cal Rg7e5,Re3e2] /\e2,Be5} 24. Rd5 Rfd8 $36) 23...
Nd7 24. Rfe1 $14) 22. Nc4 Re8 23. Qd3 Qc7 $132) 21... Qc8 22. f6 (22. Nd5 Qxc5
23. f6 {-22.f6}) (22. Qxd4 $4 Nf3+ 23. gxf3 Bxd4 $19) 22... Qxc5 $2 (22... Bxf6
$142 $1 23. Nd5 $8 Bg7 (23... Qxc5 24. Nxf6+ Kg7 25. Nd5 Nc6 {-22...Qc5}) 24.
Nb3 (24. f4 $2 f5 $19) 24... f5 25. Qe2 d3 $1 $17 {/\} 26. cxd3 Qe6) 23. Nd5 $5
(23. fxg7 Rd8 $1 24. Ng4 (24. c3 bxc3 25. bxc3 Rad7 $36) 24... Nxg4 25. Qxg4
Rad7 $11) 23... Nc6 24. fxg7 Kxg7 25. Nf4 Re7 26. Qf3 $11 Rd8 (26... Qxc2 $4
27. Rc1 $18) 27. Nd3 Qd6 28. Rfe1 Rde8 29. Rxe7 Rxe7 {[%csl Rc2,Rd4] The
excitement is over and the position is dead equal, as the c2 and d4 weaknesses
are well balanced.} 30. b3 Qe6 31. h3 Ne5 32. Nxe5 Qxe5 33. Qd3 Rc7 34. Qxd4 (
34. Rd2 Rc3 $11) (34. Qxd4 Qxd4 35. Rxd4 Rxc2 36. Rd5 Rc3 $11) 1/2-1/2